000 00265nam a22001217a 4500
008 180911b xxu||||| |||| 00| 0 eng d
041 _aeng
080 _a541
100 _a12
101 _aKIM
245 _aThe book Popular Science
_cCoyle.d.c
942 _2udc
_cBK
999 _c47660
_d47660